Normal view
MARC view
- Annadurai S.
Entry Personal Name
001 - CONTROL NUMBER
- control field: 765
003 - CONTROL NUMBER IDENTIFIER
- control field: NUST
005 - DATE AND TIME OF LATEST TRANSACTION
- control field: 20170515165829.0
008 - FIXED-LENGTH DATA ELEMENTS
- fixed length control field: 170515|| aca||aabn | a|a d
040 ## - CATALOGING SOURCE
- Original cataloging agency: NUST
- Transcribing agency: NUST
100 ## - HEADING--PERSONAL NAME
- Personal name: Annadurai S.
670 ## - SOURCE DATA FOUND
- Source citation: Work cat.: (NUST)23890: Annadurai S., Fundamentals of digital image processing, c2007
